书目信息 |
| 题名: |
摄影手册
|
|
| 作者: | 徐枫 编著 | |
| 分册: | ||
| 出版信息: | 成都 四川科学技术出版社 1996.4 |
|
| 页数: | 808页 | |
| 开本: | 20cm | |
| 丛书名: | ||
| 单 册: | ||
| 中图分类: | TB8-62 | |
| 科图分类: | ||
| 主题词: | 摄影技术--手册 | |
| 电子资源: | ||
| ISBN: | 7-5364-1588-5 | |
| 000 | 00547nam0 2200205 45 | |
| 001 | 0012251657 | |
| 005 | 20041210100703.3 | |
| 010 | @a7-5364-1588-5@dCNY30.00 | |
| 100 | @a20001225d1996 km y0chiy0120 ea | |
| 101 | 0 | @achi |
| 105 | @a z 000yy | |
| 200 | 1 | @a摄影手册@AShe Ying Shou Ce@f徐枫编著@FXu Feng Bian Zhu |
| 205 | @a3版@b再修订本 | |
| 210 | @a成都@c四川科学技术出版社@d1996.4 | |
| 215 | @a808页@d20cm | |
| 606 | 0 | @a摄影技术@x手册 |
| 690 | @aTB8-62@v1 | |
| 701 | 0 | @a徐枫@4编著 |
| 801 | @aCN@bTSTC@c20001225 | |
| 905 | @dTB8-62@e96=3 | |
| 摄影手册/徐枫编著.-3版,再修订本.-成都:四川科学技术出版社,1996.4 |
| 808页;20cm |
| ISBN 7-5364-1588-5:CNY30.00 |
| ● |
| 相关链接 |
|
|
|
|
正题名:摄影手册
索取号:TB8-62/96=3
 
预约/预借
| 序号 | 登录号 | 条形码 | 馆藏地/架位号 | 状态 | 备注 |
| 1 | 0294283 | 002942837 | 第三借阅区/ [索取号:TB8-62/96=3] | 在馆 | |
| 2 | 0294284 | 002942846 | 第三借阅区/ [索取号:TB8-62/96=3] | 在馆 | |
| 3 | 0294285 | 002942855 | 第三借阅区/ [索取号:TB8-62/96=3] | 在馆 | |
| 4 | 0294286 | 002942864 | 第三借阅区/ [索取号:TB8-62/96=3] | 在馆 | |
| 5 | 0294287 | 002942873 | 第二样本阅览室/ [索取号:TB8-62/96=3] | 在馆 |